| 000 | 01447cam a2200325 a 4500 | ||
|---|---|---|---|
| 001 | 15450614 | ||
| 005 | 20090901083025.0 | ||
| 008 | 080915s2009 flua |rb 001 0 eng | ||
| 010 | _a 2008040768 | ||
| 020 | _a9781584885436 (hbk. : alk. paper) | ||
| 035 | _a(OCoLC)ocn254528888 | ||
| 035 | _a(OCoLC)254528888 | ||
| 040 |
_aDLC _cDLC _dC#P _dBWX _dYDXCP _dCDX _dDLC |
||
| 050 | 0 | 0 |
_aTK5105.59 _b.J33 2009 |
| 082 | 0 | 0 |
_a005.8 _222 _bJAC |
| 100 | 1 |
_aJacobson, Douglas. _911738 |
|
| 245 | 1 | 0 |
_aIntroduction to Network Security / _cDouglas Jacobson. |
| 260 |
_aBoca Raton : _bChapman & Hall/CRC, 2009 _cc2009. |
||
| 300 |
_axxi, 478 p. : _bill. ; _c25 cm. |
||
| 490 | 1 | _aChapman & Hall/CRC computer and information science series | |
| 500 | _a"A Chapman & Hall book." | ||
| 504 | _aIncludes bibliographical references and index. | ||
| 650 | 0 |
_aComputer networks _xSecurity measures. _911739 |
|
| 650 | 0 |
_aComputer security. _911740 |
|
| 830 | 0 |
_aChapman & Hall/CRC computer and information science series. _911741 |
|
| 856 | 4 | 1 |
_3Table of contents only _uhttp://www.loc.gov/catdir/toc/ecip0828/2008040768.html |
| 942 |
_2ddc _cBB |
||
| 999 |
_c13476 _d13476 |
||